Pays avec le plus de médailles de bronze aux Jeux olympiques d'été - Statistiques

Statistiques générales
  • Ce quiz a été pris 49 fois
  • Le résultat moyen est 15 sur 19
Statistiques - réponses
Bronze Pays % Correct
274 France
100%
738 États-Unis
98%
173 Chine
96%
157 Canada
92%
213 Italie
92%
208 Australie
90%
178 Japon
90%
154 Russie
90%
246 Allemagne
88%
127 Allemagne de l’Est
88%
315 Grande-Bretagne
88%
100 Corée du Sud
83%
179 Suède
79%
296 Union soviétique
69%
122 Pays-Bas
65%
138 Pologne
63%
119 Finlande
54%
176 Hongrie
48%
122 Roumanie
38%
Aucun quiz correspondant
Distribution des résultats
% des personnes avec chaque résultat
Percentile par nombre de réponses
Votre historique - résultats
Vous n’avez pas pris ce quiz